| 000 | 00362nam a2200145Ia 4500 | ||
|---|---|---|---|
| 005 | 20251222141848.0 | ||
| 008 | 251222s9999||||xx |||||||||||||| ||spa|| | ||
| 020 | _a9972983536 | ||
| 082 | _a720.985.25/A42 | ||
| 100 | _aAliaga Ascenzo, Gonzalo de | ||
| 245 | 0 | _aCasa Solariega de Aliaga | |
| 250 | _a1ra.ed. | ||
| 264 | _bCuzzi y Compañía, S.A. | ||
| 942 | _cLIB | ||
| 999 |
_c7649 _d7649 |
||